Life and death in ancient Egypt : scenes from private tombs in new kingdom Thebes

Αποθηκεύτηκε σε:
Λεπτομέρειες βιβλιογραφικής εγγραφής
Κύριος συγγραφέας: Hodel-Hoenes, Sigrid, 1949-
Μορφή: Βιβλίο
Γλώσσα:English
Δημοσίευση: Ithaca, N.Y. : Cornell University Press, 2000
Θέματα:
Ετικέτες: Προσθήκη ετικέτας
Δεν υπάρχουν, Καταχωρήστε ετικέτα πρώτοι!

MARC

LEADER 00000cam a2200000 i 4500
001 1/47166
008 070629s2000 eng d
020 |a 0801435064 
035 |l 10088569 
040 |a GR-MY-UA  |b gre  |e aacr 
041 0 |a eng 
082 0 |a 932.01  |2 (22) 
100 1 |a Hodel-Hoenes, Sigrid,   |d 1949- 
245 1 0 |a Life and death in ancient Egypt :  |b scenes from private tombs in new kingdom Thebes /  |c Sigrid Hodel-Hoenes ; translated from the German by David Warburton 
260 |a Ithaca, N.Y. :   |b Cornell University Press,   |c 2000 
300 |a  xii, 329 σ.;  |c 26 εκ. 
504 |a Περιλαμβάνει βιβλιογραφίες και ευρετήριο 
650 0 |a Tombs  |z Egypt  |x Thebes (Extinct city) 
651 0 |a Thebes (Egypt: Extinct city) 
651 0 |a Egypt  |x Social life and customs  |y To 332 B.C. 
852 |a INST  |b RHODES  |e 20070629  |h 932.01 HOD  |p 005400026378  |q 005400026378  |t BK  |y 0 
901 |a BIBL4-2007-2 
909 |a Ρ  |b 135361 
922 |a 4ΕΛΗ  |b 200706  |c ΕΠΕΑΕΚ2/ΤΜΣ  |d Σ. ΠΑΤΑΚΗΣ 
970 |a ΜΙΣΣΟΣ  |b ΣΤΑΥΡΟΣ  |z 2007/06/29